IUI 40 years 1939-1979 <the> firms in the market economy

Saved in:
Bibliographic Details
Format: Book
Language:English
Published: Stockholm Industrial Institute for Economic ans Social Research 1980
Tags: Add Tag
No Tags, Be the first to tag this record!

MARC

LEADER 00000nam a2200000 4500
001 c127105
005 20041019155239.8
041 0 |a eng 
044 |a SE 
245 1 0 |a IUI 40 years 1939-1979  |b <the> firms in the market economy 
264 1 |a Stockholm  |b Industrial Institute for Economic ans Social Research  |c 1980 
300 |a 150 s.